Statistics for Χάρτης της Βόρειας Αμερικής

Click here to take the quiz!

General Stats

  • This quiz has been taken 274 times
  • The average score is 14 of 23

Answers on the Map

Answers color-coded by a green-red scale on the quiz's map according to % correct below.
 

Answer Stats

Answer% Correct
Ηνωμένες Πολιτείες
97%
Καναδάς
95%
Μεξικό
93%
Παναμάς
75%
Κούβα
74%
Δομινικανή Δημοκρατία
68%
Μπαχάμες
65%
Νικαράγουα
61%
Ελ Σαλβαδόρ
61%
Κόστα Ρίκα
60%
Μπελίζ
58%
Τζαμάικα
58%
Αϊτή
58%
Γουατεμάλα
55%
Ονδούρα
53%
Τρινιντάντ και Τομπάγκο
52%
Αντίγκουα και Μπαρμπούντα
42%
Γρενάδα
42%
Μπαρμπάντος
42%
Αγία Λουκία
41%
Δομινίκα
37%
Άγιος Βικέντιος
και Γρεναδίνες
33%
Άγιος Χριστόφορος
31%

Score Distribution

Percentile by Number Answered

Percent of People with Each Score

Your Score History

You have not taken this quiz